000 00668nam a2200289Ia 4500
005 20260324143349.0
008 008 260324s9999 xx 000 0 eng d
020 _a9780203034040
037 _aEBOOK
040 _aCRL
040 _beng
040 _cCRL
041 _2eng
041 _aeng
084 _qCRL
100 _aDr Helen S Lund
_91215359
245 0 _aLysimachus
245 2 _bA Study in Early Hellenistic Kingship
260 _bTaylor and Francis
260 _c1992
365 _a
365 _b230
856 _uhttp://www.taylorfrancis.com/books/9780203034040
942 _cEBOOK
999 _c1820668
_d1820668